Deforestation, drought and desertification: Perceptions on a growing ecological crisis (Record no. 40733)

MARC details
000 -LEADER
fixed length control field 00407nam a2200109Ia 4500
082 ## - DEWEY DECIMAL CLASSIFICATION NUMBER
Classification number 630*1
Item number DEF
245 #0 - TITLE STATEMENT
Title Deforestation, drought and desertification: Perceptions on a growing ecological crisis
260 ## - PUBLICATION, DISTRIBUTION, ETC. (IMPRINT)
Place of publication New delhi
Name of publisher Indian National trust for art and cultural heritage
Year of publication 1989
490 ## - SERIES STATEMENT
Series statement Studies in ecology and sustainable development 2
942 ## - ADDED ENTRY ELEMENTS (KOHA)
Koha item type Books
Holdings
Withdrawn status Lost status Damaged status Not for loan Home library Current library Date acquired Cost, normal purchase price Full call number Accession Number Koha item type
        RRII Library RRII Library 16/12/2021 58.00 630*1 DEF 21030 Books